|
|
|
|
| LEADER |
00000cab a2200000 4500 |
| 001 |
vtls012060097 |
| 003 |
SK-MaSNL |
| 005 |
20260305040121.0 |
| 008 |
210628|2019 xo |||||||| ||00 |slo |
| 040 |
|
|
|a SNSK
|b slo
|e rda
|
| 041 |
0 |
|
|a slo
|g hun
|
| 043 |
|
|
|a e-xo---
|
| 044 |
|
|
|a xo
|c SK
|
| 072 |
|
7 |
|a 929.5/.9
|x Genealógia. Heraldika. Šľachta. Vlajky
|2 konspekt
|
| 080 |
|
|
|a 929.7
|2 2011
|
| 080 |
|
|
|a 929.732
|2 2011
|
| 080 |
|
|
|a 911.373(091)
|2 2011
|
| 100 |
1 |
|
|a Lazniová, Miroslava
|4 aut
|9 362560
|
| 240 |
1 |
0 |
|a Z histórie Markušoviec
|
| 245 |
1 |
0 |
|a Barónka Mária Anna Máriássy
|c Miroslava Lazniová ; foto https://library.hungaricana.hu/en/collection/debreceni_refkoll_nagykonyvtara_gyaszjelentesek/
|
| 300 |
|
|
|b Fotografie
|
| 336 |
|
|
|a text
|b txt
|2 rdacontent
|
| 337 |
|
|
|a bez média
|b n
|2 rdamedia
|
| 338 |
|
|
|a zväzok
|b nc
|2 rdacarrier
|
| 600 |
1 |
7 |
|a Máriássy, Mária Anna,
|d 1884-1909
|2 SNK
|9 1619491
|
| 600 |
3 |
7 |
|a Máriássy (rod)
|2 SNK
|9 84021
|
| 650 |
0 |
7 |
|a šľachta
|2 SNKPH
|9 28113
|
| 650 |
0 |
7 |
|a šľachtické rody
|2 SNKPH
|9 31798
|
| 650 |
0 |
7 |
|a dejiny obcí
|2 SNKPH
|9 164834
|
| 651 |
|
7 |
|a Markušovce (Slovensko)
|2 SNKPHgeo
|9 31735
|
| 651 |
|
7 |
|a Spišská Nová Ves (Slovensko : okres)
|2 SNKPHgeo
|9 22259
|
| 651 |
|
7 |
|a Spiš (Slovensko : región)
|2 SNKPHgeo
|9 17692
|
| 655 |
|
7 |
|a správy
|2 SNKPH
|9 70563
|
| 655 |
|
7 |
|a biografie
|2 SNKPH
|9 27965
|
| 773 |
0 |
|
|t Pokoj a dobro
|g Roč. 21., č. 4 (2019), s. 5
|
| 958 |
|
|
|a RG
|
| 999 |
|
|
|c 3336780
|d 3338710
|